Práticas dialógicas de linguagem : possibilidades para o ensino de língua portuguesa /

Bibliographic Details
Corporate Author: JSTOR (Organization)
Format: eBook
Language:Portuguese
Published: [Place of publication not identified], SCIELO Books, 2018.
Subjects:
Online Access:Connect to the full text of this electronic book

MARC

Tag First Indicator Second Indicator Subfields
LEADER 00000cam a2200000M 4500
001 in00004635702
006 m o d
007 cr |||||||||||
008 181028s2018 xx o 000 0 por d
005 20230103223526.4
035 |a (OCoLC)on1059331687 
040 |a YDX  |b eng  |e pn  |c YDX  |d JSTOR  |d OCLCF  |d OCLCQ  |d OCLCO 
019 |a 1059468082 
020 |a 8574554944  |q (electronic bk.) 
020 |a 9788574554945  |q (electronic bk.) 
035 |a (OCoLC)1059331687  |z (OCoLC)1059468082 
037 |a 22573/ctv74g1fp  |b JSTOR 
050 4 |a PC5036 
082 0 4 |a 469.8007  |2 23 
049 |a TXAM 
245 0 0 |a Práticas dialógicas de linguagem :  |b possibilidades para o ensino de língua portuguesa /  |c Isabel Cristina Michelan de Azevedo (organizador). 
260 |a [Place of publication not identified],  |b SCIELO Books,  |c 2018. 
300 |a 1 online resource 
336 |a text  |b txt  |2 rdacontent 
337 |a computer  |b c  |2 rdamedia 
338 |a online resource  |b cr  |2 rdacarrier 
600 1 0 |a Bakhtin, M. M.  |q (Mikhail Mikhaĭlovich),  |d 1895-1975. 
600 1 7 |a Bakhtin, M. M.  |q (Mikhail Mikhaĭlovich),  |d 1895-1975.  |2 fast  |0 (OCoLC)fst00054331 
650 0 |a Portuguese language  |x Study and teaching. 
650 0 |a Discourse analysis. 
650 6 |a Portugais (Langue)  |x Étude et enseignement. 
650 7 |a Discourse analysis.  |2 fast  |0 (OCoLC)fst00894932 
650 7 |a Portuguese language  |x Study and teaching.  |2 fast  |0 (OCoLC)fst01072543 
655 7 |a Electronic books.  |2 local 
710 2 |a JSTOR (Organization) 
856 4 0 |u https://www.jstor.org/stable/10.7476/9788574554945  |z Connect to the full text of this electronic book  |t 0 
955 |a JSTOR Open Access ebooks 
994 |a 92  |b TXA 
999 f f |s 6061c117-56ec-48db-bcdd-f65d95b05219  |i 97e88279-85e7-4dfd-97f4-be0270fda211  |t 0 
952 f f |a Texas A&M University  |b College Station  |c Electronic Resources  |d Available Online  |t 0  |e PC5036   |h Library of Congress classification 
998 f f |a PC5036   |t 0  |l Available Online